[Event "Gaprindashvili Cup 2014"]
[Site "Tbilisi GEO"]
[Date "2014.09.09"]
[Round "1.1"]
[White "Grigoryan, Karen H."]
[Black "Tutisani, Noe"]
[Result "1/2-1/2"]
[WhiteTitle "GM"]
[WhiteElo "2610"]
[BlackElo "2259"]
[WhiteFideId "13301004"]
[BlackFideId "13602853"]
[EventDate "2014.09.09"]

1. d4 Nf6 2. c4 g6 3. Nc3 d5 4. e3 Bg7 5. Qb3 dxc4 6. Bxc4 O-O 7. Nf3 Nc6 8. Be2
e5 9. dxe5 Ng4 10. O-O Ncxe5 11. Nxe5 Nxe5 12. f4 Nd7 13. Bf3 c6 14. Rd1 Qe7 15.
e4 Nb6 16. Qc2 Qc5+ 17. Kh1 Be6 18. Qe2 Nc4 19. e5 Rfd8 20. Ne4 Rxd1+ 21. Qxd1
Qb6 22. Qe2 Qd4 23. h3 Rd8 24. Ng5 Bd5 25. e6 fxe6 26. Bg4 Re8 27. f5 Qe5 28.
fxg6 hxg6 29. Qf2 Rf8 30. Nf3 Qe4 31. Qh4 Ne5 32. Bxe6+ Nf7 33. Qxe4 Bxe4 34.
Ng5 Bd5 35. Bxd5 cxd5 36. Ne6 Re8 37. Nxg7 Re1+ 38. Kh2 d4 39. Ne8 Rxe8 40. Bd2
Re2 41. Rd1 Nd6 42. Kg1 1/2-1/2

[Event "Gaprindashvili Cup 2014"]
[Site "Tbilisi GEO"]
[Date "2014.09.09"]
[Round "1.2"]
[White "Hayrapetyan, Artavazd R."]
[Black "Onischuk, Vladimir"]
[Result "1-0"]
[BlackTitle "GM"]
[WhiteElo "2253"]
[BlackElo "2593"]
[WhiteFideId "13304240"]
[BlackFideId "14114038"]
[EventDate "2014.09.09"]

1. Nf3 Nf6 2. d4 g6 3. g3 Bg7 4. Bg2 O-O 5. O-O d6 6. c4 c6 7. Nc3 a6 8. e4 Bg4
9. Qb3 Qc8 10. e5 Ne8 11. Bf4 Bxf3 12. Bxf3 dxe5 13. dxe5 Nc7 14. Na4 Nd7 15.
Bg4 e6 16. Nb6 Nxb6 17. Qxb6 a5 18. Rfd1 Ra6 19. Qe3 Na8 20. Be2 Nb6 21. Rd2 Qc7
22. Rad1 Raa8 23. Qc5 Ra6 24. Rd6 Re8 25. Qd4 Raa8 26. Bg5 Bf8 27. Bf6 Rac8 28.
h4 Nd5 29. cxd5 Bxd6 30. exd6 Qxd6 31. Be5 Qb4 32. Qxb4 axb4 33. d6 Rcd8 34. d7
Re7 35. Bf6 Rdxd7 36. Bxe7 Rxe7 37. Rd4 c5 38. Rd8+ Kg7 39. Rc8 b6 40. Rc6 Rb7
41. Ba6 Rb8 42. Kg2 Kf6 43. Kf3 Ke5 44. Ke3 h6 45. a3 bxa3 46. bxa3 g5 47. h5
Kd5 48. Bb5 f5 49. a4 g4 50. Rc7 Rf8 51. Rd7+ Ke5 52. Rb7 f4+ 53. gxf4+ Rxf4 54.
Rxb6 Rf3+ 55. Ke2 Ra3 56. Bd7 Ra2+ 57. Kf1 c4 58. Rxe6+ Kd4 59. Rd6+ Kc5 60.
Rc6+ Kd5 61. Rxh6 c3 62. Rc6 c2 63. h6 g3 64. fxg3 Ra1+ 65. Kg2 c1=Q 66. Rxc1
Rxc1 67. h7 Rc2+ 68. Kh3 Rc1 69. Kh4 1-0

[Event "Gaprindashvili Cup 2014"]
[Site "Tbilisi GEO"]
[Date "2014.09.09"]
[Round "1.3"]
[White "Hovhannisyan, Robert"]
[Black "Galoyan, Levon"]
[Result "1-0"]
[WhiteTitle "GM"]
[BlackTitle "FM"]
[WhiteElo "2592"]
[BlackElo "2227"]
[WhiteFideId "13302507"]
[BlackFideId "13302027"]
[EventDate "2014.09.09"]

1. e4 c5 2. Nf3 d6 3. d4 cxd4 4. Nxd4 Nf6 5. Nc3 a6 6. h3 e6 7. g4 h6 8. Bg2 Be7
9. Be3 Qc7 10. Qe2 Nbd7 11. O-O-O Ne5 12. f4 Nc4 13. Bf2 Nd7 14. Nf5 b5 15. Nxe7
Kxe7 16. e5 Bb7 17. Bh4+ Kf8 18. exd6 Qa5 19. Rd4 Rb8 20. Bxb7 Rxb7 21. Qf3 Ra7
22. Bf2 Ncb6 23. a3 Kg8 24. h4 f6 25. Ne4 Kf7 26. Be1 b4 27. Bxb4 Qb5 28. Nc3
Ne5 29. fxe5 Qxe5 30. Re4 1-0

[Event "Gaprindashvili Cup 2014"]
[Site "Tbilisi GEO"]
[Date "2014.09.09"]
[Round "1.4"]
[White "Chkhaidze, Nikoloz"]
[Black "Pantsulaia, Levan"]
[Result "0-1"]
[BlackTitle "GM"]
[WhiteElo "2227"]
[BlackElo "2590"]
[WhiteFideId "13601750"]
[BlackFideId "13602071"]
[EventDate "2014.09.09"]

1. Nf3 Nf6 2. c4 g6 3. d4 c5 4. Nc3 Bg7 5. e4 O-O 6. Be2 d6 7. O-O Bg4 8. Be3
Bxf3 9. Bxf3 cxd4 10. Bxd4 Nc6 11. Be3 Nd7 12. Rc1 Nc5 13. Qd2 Qa5 14. b3 Ne6
15. Nd5 Qxd2 16. Bxd2 Ned4 17. Bd1 e6 18. Ne3 Ne5 19. Nc2 a5 20. Rb1 Nd3 21.
Nxd4 Bxd4 22. Be2 Nc5 23. Bf3 Rfc8 24. Rfd1 e5 25. Kf1 h5 26. a4 Rc6 27. Bxa5
Rxa5 28. b4 Rxa4 29. bxc5 dxc5 30. Be2 Ra2 31. Rxb7 Rf6 32. f3 Rfa6 33. Rbb1 h4
34. g3 h3 35. Rdc1 R6a3 36. Re1 Re3 37. f4 exf4 38. Bg4 fxg3 39. Bxh3 Rf3# 0-1

[Event "Gaprindashvili Cup 2014"]
[Site "Tbilisi GEO"]
[Date "2014.09.09"]
[Round "1.5"]
[White "Fier, Alexandr"]
[Black "Bibilashvili, Giorgi"]
[Result "1-0"]
[WhiteTitle "GM"]
[WhiteElo "2579"]
[BlackElo "2217"]
[WhiteFideId "2107139"]
[BlackFideId "13601873"]
[EventDate "2014.09.09"]

1. d4 Nf6 2. c4 e6 3. Nc3 d5 4. cxd5 exd5 5. Bg5 c6 6. e3 Be7 7. Bd3 O-O 8. Qc2
Nbd7 9. Nf3 Re8 10. O-O Ne4 11. Bxe4 Bxg5 12. Bxh7+ Kf8 13. Bd3 Be7 14. Rae1 Nf6
15. Ne5 a6 16. f4 c5 17. Qf2 Kg8 18. h3 b5 19. Nc6 Qc7 20. Nxe7+ Rxe7 21. Qh4
Bb7 22. Rf3 Ne4 23. dxc5 Qxc5 24. Bxe4 dxe4 25. Rg3 f5 26. Ne2 Rf8 27. Rc1 Qd6
28. Nd4 Ref7 29. Rg5 Qe7 30. Qh5 Qd7 31. Rc5 Bd5 32. Qh4 Rf6 33. Rh5 Kf7 34.
Qxf6+ 1-0

[Event "Gaprindashvili Cup 2014"]
[Site "Tbilisi GEO"]
[Date "2014.09.09"]
[Round "1.6"]
[White "Basencyan, Mark"]
[Black "Shanava, Konstantine"]
[Result "0-1"]
[BlackTitle "GM"]
[WhiteElo "2203"]
[BlackElo "2550"]
[WhiteFideId "13300725"]
[BlackFideId "13601784"]
[EventDate "2014.09.09"]

1. d4 d6 2. c4 e5 3. Nc3 exd4 4. Qxd4 Nc6 5. Qd2 g6 6. g3 Bg7 7. Bg2 Nf6 8. b3
O-O 9. Bb2 a5 10. Nh3 Bxh3 11. Bxh3 a4 12. Rd1 Re8 13. O-O axb3 14. axb3 Nd7 15.
Na4 Nde5 16. Qc3 Bf6 17. Kh1 Qe7 18. c5 dxc5 19. Nxc5 Ng4 20. Qc4 Bxb2 21. Rd7
Qf6 22. Bxg4 Ne5 23. Ne4 Qg7 24. Qc2 Nxd7 25. Bxd7 Re7 26. Qxc7 Rxe4 27. Qxb7
Ree8 28. Bxe8 Rxe8 29. Rd1 Qf6 30. f3 Rxe2 31. Qa8+ Kg7 32. Rd8 Ba3 0-1

[Event "Gaprindashvili Cup 2014"]
[Site "Tbilisi GEO"]
[Date "2014.09.09"]
[Round "1.7"]
[White "Paichadze, Luka"]
[Black "Andrenko, Irina"]
[Result "1-0"]
[WhiteTitle "GM"]
[BlackTitle "WIM"]
[WhiteElo "2543"]
[BlackElo "2199"]
[WhiteFideId "13602934"]
[BlackFideId "14118270"]
[EventDate "2014.09.09"]

1. e4 c5 2. b3 Nc6 3. Bb2 d6 4. Bb5 e5 5. Ne2 Nf6 6. d3 g6 7. O-O Bg7 8. f4 exf4
9. Nxf4 O-O 10. Bxc6 bxc6 11. Na3 d5 12. Qf3 Nxe4 13. Bxg7 Ng5 14. Qg3 Kxg7 15.
h4 Ne6 16. Nh5+ Kh6 17. Nf6 Qc7 18. Qe3+ Kg7 19. Rae1 a5 20. h5 h6 21. hxg6 fxg6
22. Ng4 Rxf1+ 23. Rxf1 Ng5 24. Nf6 Be6 25. Qxc5 Qa7 26. Ne8+ Kh7 27. Qxa7+ Rxa7
28. c4 Re7 29. Nd6 Bg4 30. Nc2 Re6 31. Nb7 dxc4 32. dxc4 Re5 33. Nd4 c5 34. Nc6
Re2 35. Rf2 Re1+ 36. Kh2 Ne4 37. Rf7+ Kg8 38. Nbd8 Re2 39. Ne7+ Kh8 40. Nxg6+
Kg8 41. Re7 Nc3 42. Rc7 Bf3 43. Nf4 Rxa2 44. Nde6 Be4 45. Nxc5 Bc2 46. Nh5 Bf5
47. Rg7+ Kh8 48. Re7 a4 49. bxa4 Nxa4 50. Nb7 Nc3 51. Nd6 Bg6 52. Nf4 Bb1 53. c5
Ra6 54. Ne6 Nd5 55. Rg7 Rxd6 56. cxd6 Bf5 57. Re7 Nxe7 58. dxe7 Bg6 59. Nc7 1-0

[Event "Gaprindashvili Cup 2014"]
[Site "Tbilisi GEO"]
[Date "2014.09.10"]
[Round "2.1"]
[White "Baghdasaryan, Vahe"]
[Black "Hovhannisyan, Robert"]
[Result "1/2-1/2"]
[WhiteTitle "IM"]
[BlackTitle "GM"]
[WhiteElo "2332"]
[BlackElo "2592"]
[WhiteFideId "13303139"]
[BlackFideId "13302507"]
[EventDate "2014.09.09"]

1. e4 c6 2. d4 d5 3. e5 Bf5 4. h4 h5 5. c4 e6 6. Nc3 Bb4 7. Qb3 Qa5 8. Bd2 Ne7
9. a3 Bxc3 10. Bxc3 Qb6 11. Qa4 dxc4 12. Bxc4 Nd7 13. Ne2 Qc7 14. Qd1 O-O-O 15.
Qc1 Nb6 16. Bb4 Be4 17. f3 Bg6 18. Bd6 Rxd6 19. exd6 Qxd6 20. Ba2 Rd8 21. Qg5
Bd3 22. Qxg7 Bxe2 23. Kxe2 Nf5 24. Qxf7 Kb8 25. Rad1 Qg3 26. Rhg1 Qf4 27. Qxe6
Nxd4+ 28. Rxd4 Qxd4 29. Rb1 Nd5 30. Bxd5 Rxd5 31. Qe8+ Rd8 32. Qe4 Qg7 33. Kf1
a6 34. Re1 Qxb2 35. Qe5+ Qxe5 36. Rxe5 Rh8 37. Kf2 b5 38. Re7 a5 39. Ke3 Rd8 40.
g4 b4 41. axb4 axb4 42. Re4 c5 43. Rc4 Rc8 44. g5 Kb7 45. f4 Kc6 46. f5 Kd5 47.
Kd3 Ra8 48. f6 Ra3+ 49. Ke2 Ra2+ 50. Ke3 Ra3+ 51. Ke2 Ra2+ 52. Ke3 Ra3+ 53. Kf4
Ra1 54. g6 Rf1+ 55. Kg5 Kxc4 56. g7 Rg1+ 57. Kxh5 b3 58. f7 b2 59. g8=Q b1=Q 60.
f8=Q+ Rxg8 61. Qxg8+ Kd4 62. Qg7+ Kd5 63. Qf7+ Ke5 64. Qe7+ Kd5 65. Qf7+ Kd4 1/2-1/2

[Event "Gaprindashvili Cup 2014"]
[Site "Tbilisi GEO"]
[Date "2014.09.10"]
[Round "2.2"]
[White "Pantsulaia, Levan"]
[Black "Gvetadze, Sofio"]
[Result "1-0"]
[WhiteTitle "GM"]
[BlackTitle "IM"]
[WhiteElo "2590"]
[BlackElo "2361"]
[WhiteFideId "13602071"]
[BlackFideId "13601440"]
[EventDate "2014.09.09"]

1. Nf3 Nf6 2. g3 b6 3. Bg2 Bb7 4. O-O e6 5. c4 Be7 6. Nc3 O-O 7. Re1 d5 8. cxd5
exd5 9. d4 c5 10. Bf4 Nc6 11. Rc1 c4 12. Ne5 Na5 13. Qa4 a6 14. b4 cxb3 15. axb3
b5 16. Qa2 Nc6 17. Nxc6 Bxc6 18. Na4 Bb4 19. Red1 bxa4 20. Rxc6 axb3 21. Qxb3 a5
22. Rdc1 Qd7 23. Be5 Ne4 24. Rc7 Qf5 25. Qxd5 Qxf2+ 26. Kh1 Nd2 27. Rxf7 Qxf7
28. Rc7 Rae8 29. Rxf7 Rxf7 30. Bh3 Kf8 31. Be6 Rf2 32. Kg1 Rf1+ 33. Kg2 Be7 34.
Bf4 Re1 35. Bg8 Rxe2+ 36. Kh3 1-0

[Event "Gaprindashvili Cup 2014"]
[Site "Tbilisi GEO"]
[Date "2014.09.10"]
[Round "2.3"]
[White "Morchiashvili, Bachana"]
[Black "Fier, Alexandr"]
[Result "1/2-1/2"]
[WhiteTitle "IM"]
[BlackTitle "GM"]
[WhiteElo "2327"]
[BlackElo "2579"]
[WhiteFideId "13602535"]
[BlackFideId "2107139"]
[EventDate "2014.09.09"]

1. d4 Nf6 2. c4 g6 3. Nc3 d5 4. Bg5 Ne4 5. Bh4 Nxc3 6. bxc3 dxc4 7. e3 Be6 8.
Nf3 Nd7 9. d5 Bg4 10. Qd4 Bxf3 11. Qxh8 Bxd5 12. Rd1 c6 13. Be2 Qa5 14. O-O h5
15. Rd4 Qxa2 16. Bf3 Bxf3 17. gxf3 Qa5 18. Rfd1 Qe5 19. Qg8 Nf6 20. Qh8 Ng4 21.
Rd8+ Rxd8 22. Rxd8+ Kxd8 23. Qxf8+ Kd7 24. fxg4 Qe4 25. Qb8 Qxg4+ 26. Bg3 Qd1+
27. Kg2 Qd5+ 28. Kg1 b5 29. Qxa7+ Ke6 30. Qb8 Qe4 31. h3 f6 32. Qg8+ Kd7 33. Qb8
h4 34. Bc7 Ke6 35. Ba5 Kf7 36. Bb4 g5 37. Qh8 Qe5 38. Qc8 Qd5 39. Qc7 Qe4 40.
Qc8 Qd5 41. Qc7 Qe6 42. Qd8 Qe4 43. Qc8 Qd5 1/2-1/2

[Event "Gaprindashvili Cup 2014"]
[Site "Tbilisi GEO"]
[Date "2014.09.10"]
[Round "2.4"]
[White "Shanava, Konstantine"]
[Black "Mgeladze, Tamaz"]
[Result "1/2-1/2"]
[WhiteTitle "GM"]
[BlackTitle "FM"]
[WhiteElo "2550"]
[BlackElo "2336"]
[WhiteFideId "13601784"]
[BlackFideId "13601202"]
[EventDate "2014.09.09"]

1. e4 c5 2. c3 d6 3. d4 Nf6 4. Bd3 cxd4 5. cxd4 g6 6. Nc3 Bg7 7. h3 O-O 8. Nf3
Nc6 9. Be3 Nd7 10. O-O e5 11. Bc2 a6 12. d5 Ne7 13. a4 Kh8 14. a5 Ng8 15. Qc1
Qe7 16. Nd2 f5 17. exf5 gxf5 18. f4 exf4 19. Bxf4 Ne5 20. Nf3 Bd7 21. Ng5 Rae8
22. Qd1 Nc4 23. Qh5 Bd4+ 24. Kh1 Nf6 25. Qh4 Bxc3 26. bxc3 Nxd5 27. Rae1 Qg7 28.
Rxe8 Rxe8 29. Bb3 Nxf4 30. Rxf4 d5 31. Qh5 Re1+ 32. Kh2 Re7 33. Bxc4 dxc4 34.
Rd4 Qe5+ 35. Kh1 Qe1+ 36. Kh2 Qe5+ 37. Kh1 1/2-1/2

[Event "Gaprindashvili Cup 2014"]
[Site "Tbilisi GEO"]
[Date "2014.09.10"]
[Round "2.5"]
[White "Ahmed, Ali Layth Ahmed"]
[Black "Paichadze, Luka"]
[Result "0-1"]
[WhiteTitle "FM"]
[BlackTitle "GM"]
[WhiteElo "2303"]
[BlackElo "2543"]
[WhiteFideId "4801920"]
[BlackFideId "13602934"]
[EventDate "2014.09.09"]

1. d4 d5 2. c4 e5 3. dxe5 d4 4. Nf3 Nc6 5. g3 Nge7 6. Bg2 Ng6 7. O-O Ngxe5 8.
Nbd2 Be7 9. Nxe5 Nxe5 10. Nf3 Nxf3+ 11. Bxf3 O-O 12. Qc2 Bf6 13. Bf4 c5 14. h4
a5 15. Be4 g6 16. Kg2 Re8 17. Rad1 Bxh4 18. Rh1 Bf6 19. Rh2 Qe7 20. Bd3 Bd7 21.
Rdh1 Bc6+ 22. f3 h5 23. Qc1 Ra6 24. Rxh5 gxh5 25. Rxh5 Bg7 26. Qh1 Qe6 27. Rg5
Kf8 28. Qh7 Bf6 29. Rf5 Ke7 30. Qh5 Rh8 31. Qg4 Kf8 32. Bc7 Bd7 33. Qf4 Qe7 34.
Rd5 Bh3+ 35. Kf2 Qe3+ 36. Qxe3 dxe3+ 37. Kxe3 Bd4+ 38. Kd2 Be6 39. Rg5 Rc6 0-1

[Event "Gaprindashvili Cup 2014"]
[Site "Tbilisi GEO"]
[Date "2014.09.10"]
[Round "2.6"]
[White "Baryshpolets, Andrey"]
[Black "Sibashvili, Giorgi"]
[Result "1-0"]
[WhiteTitle "GM"]
[WhiteElo "2540"]
[BlackElo "2335"]
[WhiteFideId "14117207"]
[BlackFideId "13602799"]
[EventDate "2014.09.09"]

1. d4 Nf6 2. c4 e6 3. Nf3 Bb4+ 4. Bd2 Qe7 5. g3 Nc6 6. Nc3 Bxc3 7. Bxc3 Ne4 8.
Rc1 d6 9. Bg2 O-O 10. d5 Nxc3 11. Rxc3 Nd8 12. O-O e5 13. Nd2 b6 14. f4 exf4 15.
gxf4 Bg4 16. Ne4 f5 17. Ng3 Qf7 18. Qd4 Nb7 19. h3 Bh5 20. e4 fxe4 21. Nxe4 Nc5
22. Ng5 Qf6 23. Qxf6 Rxf6 24. b4 Na6 25. a3 Re8 26. Ne4 Rff8 27. Ng3 Bg6 28. h4
Bf5 29. Nxf5 Rxf5 30. Kh2 Re2 31. Kg3 Rf6 32. Bf3 Re7 33. Bg4 Nb8 34. c5 dxc5
35. bxc5 Na6 36. Be6+ Kf8 37. cxb6 axb6 38. f5 Nc5 39. Rf4 Ke8 40. h5 Kd8 41. a4
c6 42. a5 cxd5 43. axb6 Nxe6 44. fxe6 Rb7 45. Rc6 d4 46. Rxd4+ 1-0

[Event "Gaprindashvili Cup 2014"]
[Site "Tbilisi GEO"]
[Date "2014.09.10"]
[Round "2.7"]
[White "Asgarov, Mushfig"]
[Black "Azaladze, Shota"]
[Result "0-1"]
[BlackTitle "IM"]
[WhiteElo "2260"]
[BlackElo "2498"]
[WhiteFideId "13401734"]
[BlackFideId "13603027"]
[EventDate "2014.09.09"]

1. e4 g6 2. d4 Bg7 3. Nc3 d6 4. Be3 c6 5. Qd2 Nd7 6. Nf3 b5 7. Bd3 a6 8. Ne2 e5
9. c3 Ngf6 10. h3 O-O 11. O-O Bb7 12. Ng3 Re8 13. Bh6 c5 14. d5 Qe7 15. Nh4 Bxh6
16. Qxh6 Kh8 17. f4 Ng8 18. Qg5 exf4 19. Qxf4 Ne5 20. Be2 g5 21. Qd2 gxh4 22.
Nf5 Qd8 23. Bh5 Ng6 24. c4 Bc8 25. b4 Bxf5 26. Rxf5 f6 27. bxc5 dxc5 28. d6 Rxe4
29. Qd5 Rd4 30. Qf7 Ne5 0-1

[Event "Gaprindashvili Cup 2014"]
[Site "Tbilisi GEO"]
[Date "2014.09.11"]
[Round "3.1"]
[White "Hayrapetyan, Hovik"]
[Black "Pantsulaia, Levan"]
[Result "0-1"]
[WhiteTitle "GM"]
[BlackTitle "GM"]
[WhiteElo "2438"]
[BlackElo "2590"]
[WhiteFideId "13302639"]
[BlackFideId "13602071"]
[EventDate "2014.09.09"]

1. d4 Nf6 2. Nf3 g6 3. c4 c5 4. d5 Bg7 5. Nc3 O-O 6. e4 e6 7. h3 exd5 8. exd5 a6
9. a4 Re8+ 10. Be3 Nh5 11. Kd2 Qb6 12. Qc2 a5 13. g4 Nf6 14. g5 Nh5 15. Re1 Qd8
16. d6 b6 17. Nd5 Bb7 18. Bg2 Na6 19. Ne7+ Rxe7 20. dxe7 Qxe7 21. Kc1 Nb4 22.
Bd2 Qd8 23. Bxb4 axb4 24. Rhg1 d5 25. Nd2 b5 26. Bxd5 Bxd5 27. cxd5 bxa4 28. Re4
a3 29. bxa3 bxa3 30. Qa2 c4 31. Rge1 Bb2+ 32. Kc2 Qxd5 33. Qxc4 Qxg5 34. Re8+
Rxe8 35. Rxe8+ Kg7 36. Qb4 Kh6 37. h4 Qg1 38. Qf8+ Ng7 39. Ra8 Qxf2 40. Ra4 Qf6
41. Kd1 Qc6 42. Ra7 Qc1+ 43. Ke2 Bc3 44. Qd6 Nf5 45. Qf4+ Kg7 46. h5 Nd4+ 0-1

[Event "Gaprindashvili Cup 2014"]
[Site "Tbilisi GEO"]
[Date "2014.09.11"]
[Round "3.2"]
[White "Paichadze, Luka"]
[Black "Paravyan, David"]
[Result "1-0"]
[WhiteTitle "GM"]
[BlackTitle "IM"]
[WhiteElo "2543"]
[BlackElo "2428"]
[WhiteFideId "13602934"]
[BlackFideId "4194985"]
[EventDate "2014.09.09"]

1. e4 e5 2. Nc3 Nf6 3. Bc4 Nxe4 4. Qh5 Nd6 5. Bb3 Be7 6. Qxe5 O-O 7. d4 Nc6 8.
Qf4 Na5 9. Bd5 Ne8 10. Nge2 c6 11. Be4 d5 12. Bd3 h6 13. Qg3 Bd6 14. Qf3 Qf6 15.
Bf4 b6 16. O-O-O Bf5 17. Bxf5 Qxf5 18. g4 Qh7 19. Ng3 g6 20. Rhg1 Nc4 21. Bxd6
Ncxd6 22. h4 Qg7 23. Nf5 Nxf5 24. gxf5 Qf6 25. Qd3 Ng7 26. fxg6 Qf4+ 27. Kb1 f5
28. Ne2 Qe4 29. Qd2 f4 30. Rde1 Qf3 31. Nc1 Rae8 32. Nd3 Qh5 33. Rxe8 Nxe8 34.
Nxf4 Qxh4 35. Nd3 Nd6 36. Qc3 Rc8 37. Qa3 Nb5 38. Qb4 Re8 39. Re1 Nc7 40. Qd6
Rxe1+ 41. Nxe1 Qe4 42. Nd3 Ne6 43. a4 Qxg6 44. Ne5 Qg1+ 45. Ka2 Nxd4 46. c3 Ne2
47. Qxh6 Qxf2 48. Qxc6 d4 49. Qa8+ Kg7 50. Qxa7+ Kg8 51. Qb8+ Kg7 52. Qc7+ Kg8
53. cxd4 Kh8 54. Qxb6 Nc3+ 55. Ka3 Nb1+ 56. Kb3 Qe3+ 57. Ka2 1-0

[Event "Gaprindashvili Cup 2014"]
[Site "Tbilisi GEO"]
[Date "2014.09.11"]
[Round "3.3"]
[White "Arabidze, Meri"]
[Black "Baryshpolets, Andrey"]
[Result "0-1"]
[WhiteTitle "IM"]
[BlackTitle "GM"]
[WhiteElo "2411"]
[BlackElo "2540"]
[WhiteFideId "13604040"]
[BlackFideId "14117207"]
[EventDate "2014.09.09"]

1. d4 d5 2. c4 c6 3. Nc3 Nf6 4. Nf3 e6 5. e3 Nbd7 6. Qc2 Bd6 7. b3 O-O 8. Bb2 b6
9. Bd3 Bb7 10. O-O c5 11. cxd5 exd5 12. dxc5 bxc5 13. e4 d4 14. Nb5 Bb8 15. Rfe1
Re8 16. h3 Nh5 17. Rad1 Nf4 18. Bc1 Re6 19. Bf1 Qe7 20. g3 Ng6 21. Ng5 Re5 22.
h4 h6 23. h5 Ngf8 24. f4 hxg5 25. fxe5 Nxe5 26. Bg2 Ne6 27. Na3 d3 28. Rxd3 Nxd3
29. Qxd3 Be5 30. Nc4 Rd8 31. Qf3 Nd4 32. Qf2 Ba6 33. Nxe5 Qxe5 34. Bb2 Rd6 35.
b4 Rf6 36. Qe3 Qc7 37. e5 Nc2 38. Qc3 Nxe1 39. exf6 Nxg2 40. Kxg2 Qb7+ 41. Kg1
cxb4 42. Qe3 Qd5 43. Qe5 Qd1+ 44. Kh2 Qxh5+ 45. Kg1 Qd1+ 46. Kh2 Qe2+ 47. Qxe2
Bxe2 48. fxg7 f5 49. Bd4 a5 50. Bb6 a4 51. Bc5 b3 52. axb3 axb3 53. Bd4 Bc4 54.
Kg2 Kf7 55. Kf3 Kg6 56. Be5 Bd5+ 57. Kf2 Kh5 58. Bd4 Kg4 59. Be5 Kh3 60. Bd4 Bc4
61. Be5 Kh2 62. Bd4 g4 63. Be5 f4 64. gxf4 g3+ 65. Ke1 g2 66. f5+ Kh1 0-1

[Event "Gaprindashvili Cup 2014"]
[Site "Tbilisi GEO"]
[Date "2014.09.11"]
[Round "3.4"]
[White "Azaladze, Shota"]
[Black "Shahinyan, David"]
[Result "0-1"]
[WhiteTitle "IM"]
[BlackTitle "FM"]
[WhiteElo "2498"]
[BlackElo "2383"]
[WhiteFideId "13603027"]
[BlackFideId "13304380"]
[EventDate "2014.09.09"]

1. Nf3 d5 2. g3 Nf6 3. Bg2 c6 4. c4 Bg4 5. Ne5 Bh5 6. cxd5 cxd5 7. Qa4+ Nc6 8.
Nc3 Qd6 9. d4 e6 10. a3 Ng4 11. Nxg4 Bxg4 12. f3 Bh5 13. Bf4 Qd7 14. h4 h6 15.
Kf2 Rc8 16. Rad1 Be7 17. e4 O-O 18. exd5 exd5 19. Bh3 f5 20. Rhe1 g5 21. hxg5
hxg5 22. Be5 Bxf3 23. Kxf3 Nxe5+ 24. Kf2 Qxa4 25. Nxa4 Rc2+ 26. Re2 Ng4+ 27.
Bxg4 fxg4+ 28. Ke1 Rxe2+ 29. Kxe2 Rf3 30. Rd3 Rxd3 31. Kxd3 Kf7 32. Ke3 Bd6 33.
Nc3 Bxg3 34. Nxd5 Ke6 35. Nc3 Bf4+ 36. Ke4 g3 37. Ne2 g2 38. Kf3 Kd5 39. Kxg2
Be3 40. Kf3 Bxd4 41. b3 Bb2 42. Kg4 Bxa3 43. Kxg5 Kc5 44. Kf5 Bb2 45. Nf4 Kb4
46. Nd3+ Kc3 47. Nc5 b6 48. Na6 Kxb3 49. Ke6 Kc4 50. Kd7 b5 0-1

[Event "Gaprindashvili Cup 2014"]
[Site "Tbilisi GEO"]
[Date "2014.09.11"]
[Round "3.5"]
[White "Hovhannisyan, Robert"]
[Black "Arzumanyan, Hovhannes"]
[Result "0-1"]
[WhiteTitle "GM"]
[WhiteElo "2592"]
[BlackElo "2137"]
[WhiteFideId "13302507"]
[BlackFideId "13303120"]
[EventDate "2014.09.09"]

1. Nf3 c5 2. c4 Nf6 3. Nc3 Nc6 4. e3 d5 5. cxd5 Nxd5 6. d4 cxd4 7. exd4 e6 8.
Bd3 Be7 9. O-O O-O 10. Re1 Nf6 11. Bg5 b6 12. Ne5 Bb7 13. Ba6 Qc8 14. Qf3 Na5
15. Bxb7 Qxb7 16. Qxb7 Nxb7 17. Nc6 Bd6 18. Nb5 a6 19. Nxd6 Nxd6 20. d5 Rfe8 21.
dxe6 Rxe6 22. Rxe6 fxe6 23. Rd1 Nde4 24. Bxf6 Nxf6 25. Rd6 Re8 26. Nd4 Rc8 27.
Kf1 Rc1+ 28. Ke2 e5 29. Nf3 Rc2+ 30. Rd2 Rxd2+ 31. Kxd2 Nd7 32. Kd3 Kf7 33. Kc4
Ke6 34. Ng5+ Kf5 35. Nf7 Ke6 36. Nd8+ Ke7 37. Nb7 Nf6 38. b4 Kd7 39. b5 a5 40.
f3 Kc7 41. Nxa5 bxa5 42. Kc5 Nd7+ 43. Kd5 Kb6 44. Ke6 Kxb5 45. Kxd7 Kb4 46. Kd6
a4 47. Kxe5 Ka3 48. Kd4 Kxa2 49. Kc3 Kb1 50. Kb4 Kc2 51. Kxa4 Kd3 52. Kb4 Ke3
53. Kc4 Kf2 54. Kd5 Kxg2 55. Ke4 Kxh2 56. Kf4 Kg2 57. Kg4 Kf2 58. Kf4 Ke2 59.
Kg3 Ke3 60. Kg4 h6 61. Kg3 h5 0-1

[Event "Gaprindashvili Cup 2014"]
[Site "Tbilisi GEO"]
[Date "2014.09.11"]
[Round "3.6"]
[White "Fier, Alexandr"]
[Black "Chighladze, Iveri"]
[Result "1/2-1/2"]
[WhiteTitle "GM"]
[BlackTitle "IM"]
[WhiteElo "2579"]
[BlackElo "2351"]
[WhiteFideId "2107139"]
[BlackFideId "13602039"]
[EventDate "2014.09.09"]

1. d4 d5 2. c4 e6 3. Nc3 Be7 4. cxd5 exd5 5. Bf4 c6 6. e3 Bd6 7. Bxd6 Qxd6 8.
Bd3 Ne7 9. Qb1 g6 10. b4 a6 11. Na4 Nd7 12. Nf3 O-O 13. O-O b5 14. Nc5 a5 15. a3
Nxc5 16. dxc5 Qf6 17. Nd4 axb4 18. axb4 Bf5 19. Nxf5 Nxf5 20. Ra2 Nh4 21. Qa1
Qg5 22. f4 Qg4 23. g3 Rxa2 24. Qxa2 Nf5 25. Qf2 Re8 26. Re1 Re6 27. Be2 Qh3 28.
Bf3 Qh6 29. e4 dxe4 30. Rxe4 Rxe4 31. Bxe4 Qg7 32. Bxc6 Qc3 33. Be4 Nd4 34. f5
gxf5 35. Bd5 Nc2 36. Bb7 Nxb4 37. Qxf5 Nd3 38. c6 Qc1+ 39. Kg2 Qc2+ 40. Kf3 Qd1+
41. Ke4 Qh1+ 42. Kd4 Qg1+ 43. Kd5 Qc5+ 44. Ke4 Nf2+ 45. Kf4 Nh3+ 46. Qxh3 Qd4+
47. Kf5 Qd5+ 48. Kf6 Qd6+ 49. Kg5 Qd8+ 50. Kh5 Qd5+ 51. Kh4 Qd8+ 1/2-1/2

[Event "Gaprindashvili Cup 2014"]
[Site "Tbilisi GEO"]
[Date "2014.09.11"]
[Round "3.7"]
[White "Baghdasaryan, Vahe"]
[Black "Shanava, Konstantine"]
[Result "0-1"]
[WhiteTitle "IM"]
[BlackTitle "GM"]
[WhiteElo "2332"]
[BlackElo "2550"]
[WhiteFideId "13303139"]
[BlackFideId "13601784"]
[EventDate "2014.09.09"]

1. e4 g6 2. d4 Bg7 3. Nc3 c6 4. h3 d6 5. Nf3 Nd7 6. Be3 b5 7. Qd2 a6 8. O-O-O
Qc7 9. h4 h6 10. Be2 Ngf6 11. e5 b4 12. Nb1 Nd5 13. exd6 exd6 14. Rhe1 N7f6 15.
Bd3 Be6 16. Bf4 Nxf4 17. Qxf4 Qe7 18. Bxg6 Nd5 19. Qe4 O-O 20. Bh7+ Kh8 21. Bf5
Rae8 22. Bxe6 fxe6 23. Nbd2 a5 24. h5 Kg8 25. Nh4 Rxf2 26. Rf1 Nc3 27. Ng6 Qg5
28. bxc3 Rxf1 29. Rxf1 bxc3 30. Qf4 cxd2+ 31. Kxd2 Qxg2+ 32. Kc3 Kh7 33. Nh4 Qd5
34. Qg4 Qg5 35. Qe4+ Kg8 36. Qxc6 Qe3+ 0-1